000 00396nam a22001577a 4500
003 BD-DhUIB
005 20251025164344.0
008 251025b |||||||| |||| 00| 0 eng d
040 _aBD-DhUIB
_cBD-DhUIB
050 _a658.4034
082 _222
100 _aHiller, Frederick.
_91045
245 _aIntroduction to operations research/
_cby Frederick, Hiller.
526 _aBBA.
942 _2ddc
_cBK
999 _c604
_d604